Statistics for Top Ten NFL Draft Picks 2012

Click here to take the quiz!

General Stats

  • This quiz has been taken 404 times
  • The average score is 5 of 10

Answer Stats

Pick School Posistion NFL Team Answer % Correct
1stStanfordQBColtsAndrew Luck
100%
2ndBaylorQBRedskinsRobert Griffin 3,
97%
5thOklahoma StateWRJaguarsJustin Blackmon
60%
3rdAlabamaRBBrownsTrent Richardson
55%
8thTexas A&MQBDolphinsRyan Tannehill
50%
9thBoston CollegeILBPanthersLuke Kuechly
40%
4thUSCOTVikingsMatt Kalil
39%
6thLSUCBCowboysMorris Claiborne
31%
7thAlabamaSBuccaneersMark Barron
29%
10thSouth CarolinaCBBillsStephon Gilmore
25%

Score Distribution

Percentile by Number Answered

Percent of People with Each Score

Your Score History

You have not taken this quiz